000 00471nam a2200181Ia 4500
005 20250326141146.0
008 250326s9999 xx 000 0 und d
037 _aTextbook
040 _aFMSL
_beng
_cFMSL
041 _aeng
_2eng
084 _qFMSL
100 _aCarli G, Etc.
_9743862
245 0 _aTowards full employment and price stabiligy
_cCarli G, Etc.
260 _aO.E.C.D
_bO.E.C.D
_c1977
300 _a52p
942 _cTB
999 _c1288983
_d1288983